| 000 | 01724nam a2200433 a 4500 | ||
|---|---|---|---|
| 003 | CHAP | ||
| 005 | 20220817043554.0 | ||
| 008 | 990824d1997 mx r 00110 spa d | ||
| 010 | _a78823 | ||
| 011 | _a79795 | ||
| 020 | _a9688844284 | ||
| 035 | _a90200 | ||
| 040 | _cCHAP | ||
| 082 | 0 | 4 |
_a378.1 _bS3 |
| 100 | 0 | 0 |
_aSantacruz de León, Eugenio Eliseo. _9102259 |
| 245 | 1 | 3 |
_aEl sistema financiero en la Universidad Autónoma Chapingo _c/por Eugenio Eliseo Santacruz de León |
| 260 |
_aChapingo, Méx. : _bUACH. Unidad de Planeación, Organización y Métodos, _c1997. |
||
| 300 |
_a130 p. : _bcuadros |
||
| 410 | 2 | 1 |
_aUACH. _bUnidad de Planeación, Organización y Métodos |
| 490 | 0 |
_aSerie diagnóstico institucional _v; 5 |
|
| 590 |
_aBATCH-UPD _b10 _c20130110 _lUCH01 _h0436 |
||
| 590 |
_aBATCH-UPD _b10 _c20130110 _lUCH01 _h2348 |
||
| 590 |
_aBATCH-UPD _b10 _c20130410 _lUCH01 _h0112 |
||
| 590 |
_aBATCH-UPD _b10 _c20130410 _lUCH01 _h1636 |
||
| 590 |
_aBATCH-UPD _b10 _c20130914 _lUCH01 _h2021 |
||
| 590 |
_aCONVERSION _b10 _c20130109 _lUCH01 _h1344 |
||
| 650 | 1 | 4 |
_aUACH _9115798 |
| 650 | 1 | 4 |
_aUniversidades _xFinanzas. _9116622 |
| 810 | 2 | 1 |
_aUACH. _bUnidad de Planeación, Organización y Métodos |
| 830 | 0 | 0 |
_aSerie diagnóstico institucional _v; 5 _9104796 |
| 901 | _aBK | ||
| 905 | _aAlejandra Carrasco M. | ||
| 942 | _cLIBRO | ||
| 949 |
_a378.1 S3 _bBC _cLIBRO _d33724000737961 _eLIBRO _h95775 _i90200 _sb |
||
| 949 |
_a378.1 S3 _bBC _cLIBRO _d33724000738290 _eLIBRO _fc.4 _h95778 _i90200 _sb |
||
| 949 |
_a378.1 S3 _bBC _cLIBRO _d33724000738308 _eLIBRO _fc.3 _h95777 _i90200 _sb |
||
| 949 |
_a378.1 S3 _bBC _cLIBRO _d33724000738316 _eLIBRO _fc.2 _h95776 _i90200 _si |
||
| 949 |
_a378.1 S3 _bBC _cUACH _d902005 _eUACH _fc.5 _h95779 _i90200 _sb |
||
| 999 |
_c78823 _d78823 |
||